000
00262nam a2200109Ia 4500
008
190216s9999||||xx |||||||||||||| ||und||
100
_a
Batli Boi
245
0
_a
Works Organisation Management And Cost Control
260
_b
Null
_c
1963
300
_a
698p
942
_c
BK
999
_c
4772
_d
4772